[Event "Floripa Chess Open 2024"]
[Site "Florianopolis"]
[Date "2024.01.23"]
[Round "5.79"]
[White "Silva, Adriano Da"]
[Black "Soares, Rafael Tuma"]
[Result "0-1"]
[WhiteElo "1926"]
[BlackElo "1540"]
[PlyCount "86"]
[EventDate "2024.01.20"]
[EventRounds "10"]
[EventCountry "BRA"]

1. Nf3 Nf6 2. d4 e6 3. c4 b6 4. g3 Bb7 5. Bg2 Be7 6. O-O c5 7. d5 exd5 8. Nh4
O-O 9. cxd5 d6 10. Nf5 Bc8 ({RR} 10... b5 11. e4 Re8 12. e5 Nfd7 13. Qg4 g6 14.
Nh6+ Kg7 15. Nf5+ Kh8 16. Bh6 Rg8 17. Nxe7 Qxe7 18. exd6 Qxd6 19. Nc3 g5 20.
Bxg5 Qg6 21. f4 f6 22. Be4 Qg7 23. Qh5 fxg5 24. fxg5 Ne5 25. Nxb5 {Kukhmazov,A
(2442)-Makarian,R (2458) Moscow RUS 2021 1-0 (50)}) ({RR} 10... Re8 11. Nc3 Bf8
12. e4 g6 13. Nh6+ Kg7 14. Bg5 Be7 15. Qf3 Rf8 16. h4 Ng8 17. Bxe7 Qxe7 18.
Nxg8 Rxg8 19. Rfe1 Nd7 20. Qe2 Qf6 21. Bh3 Rad8 22. Bxd7 Rxd7 23. Rad1 Qe7 24.
Qe3 h6 25. Ne2 {Gomez Jurado,L (2106)-Povill Claros,X (2300) La Pobla de
Lillet ESP 2023 1-0 (65)}) 11. Nxe7+ Qxe7 12. Nc3 Bf5 $146 ({RR} 12... Re8 13.
Re1 Nbd7 14. Bg5 Rb8 15. a4 h6 16. Bf4 a6 17. e4 Ne5 18. Bc1 c4 19. b3 Qc7 20.
Rf1 Bd7 21. Be3 Nfg4 22. Bd4 f5 23. b4 Rf8 24. b5 a5 25. f4 Nd3 26. Ra2 Nf6 27.
Re2 {Charlier,R-Ichim,T Munich 1936 1-0 (45)}) ({RR} 12... a6 13. e4 Nbd7 14.
Re1 Ra7 15. a4 Ne5 16. f4 Bg4 17. fxe5 Bxd1 18. exf6 Qxf6 19. Rxd1 Qe7 20. Re1
h6 21. Bf4 g5 22. Be3 Rb8 23. Bf1 b5 24. e5 dxe5 25. axb5 axb5 26. d6 Qd7 27.
Bxc5 {Jones,S (2117)-Adams,M (1963) Telford ENG 2019 1-0 (43)}) 13. f3 a6 14.
a4 Qd7 15. Bg5 Ne8 16. Qb3 h6 17. Bd2 Ra7 18. Rae1 Rb7 19. e4 Bg6 20. f4 b5 21.
axb5 axb5 22. e5 c4 23. Qd1 Bd3 24. e6 Qe7 25. Rf2 f5 26. Ne2 Bxe2 27. Rfxe2
Na6 28. b4 cxb3 29. Qxb3 Nc5 30. Qb1 Nc7 31. Bb4 N7a6 32. Bxc5 Nxc5 33. Rb2 b4
34. Re3 b3 35. Bf1 Qf6 36. Bc4 Qd4 37. Qc1 Rb4 38. Be2 Na4 39. Rb1 b2 40. Rxb2
Nxb2 41. Kf1 Nc4 42. Ra3 Qe4 43. Kf2 Rfb8 0-1

[Event "Floripa Chess Open 2024"]
[Site "Florianopolis"]
[Date "2024.01.23"]
[Round "5.80"]
[White "De Almeida, Guilherme Pereira"]
[Black "Da Rosa, Henrique Jaze Simoe"]
[Result "0-1"]
[WhiteElo "1731"]
[BlackElo "1917"]
[PlyCount "42"]
[EventDate "2024.01.20"]
[EventRounds "10"]
[EventCountry "BRA"]

1. Nf3 d5 2. d3 Nf6 3. Nbd2 Bf5 4. c4 c6 5. cxd5 cxd5 6. e4 dxe4 7. dxe4 Bxe4
8. Nxe4 Qxd1+ 9. Kxd1 Nxe4 10. Bb5+ Nc6 11. Ne5 $146 ({RR} 11. Be3 a6 12. Bxc6+
bxc6 13. Rc1 Rc8 14. Ke2 e6 15. Rc4 Nf6 16. Ra4 Nd5 17. Rxa6 Nxe3 18. fxe3 Be7
19. Rc1 c5 20. Ra7 Bf6 21. b4 c4 22. Nd2 c3 23. Ne4 O-O 24. Nxf6+ gxf6 25. Ra3
Rc4 {Hangweyrer,M (2303)-Kreindl,H (2219) Austria 2003 1-0 (42)}) 11... O-O-O+
12. Nd3 Nxf2+ 13. Ke2 Nxh1 14. Bxc6 bxc6 15. Bf4 Rxd3 16. Kxd3 Nf2+ 17. Kc4 Kb7
18. Rf1 Ne4 19. Rf3 e5 20. Rb3+ Ka8 21. Be3 Bd6 0-1

[Event "Floripa Chess Open 2024"]
[Site "Florianopolis"]
[Date "2024.01.23"]
[Round "5.81"]
[White "Muzzi, Eduardo"]
[Black "Spagnollo, Pedro Henrique"]
[Result "0-1"]
[WhiteElo "1913"]
[BlackElo "1445"]
[PlyCount "85"]
[EventDate "2024.01.20"]
[EventRounds "10"]
[EventCountry "BRA"]

1. e4 c5 2. Nf3 d6 3. d4 cxd4 4. Nxd4 Nf6 5. Nc3 a6 6. h3 e5 7. Nde2 b5 8. g4
Bb7 9. Bg2 b4 10. Nd5 Nxd5 11. exd5 Be7 12. O-O O-O 13. Ng3 ({RR} 13. a3 bxa3
14. Rxa3 Nd7 15. Be3 a5 16. c4 Qc7 17. b3 a4 18. bxa4 Qxc4 19. Rc3 Qxa4 20. Rc7
Qxd1 21. Rxd1 Bc8 22. Rdc1 Bh4 23. R1c6 Nf6 24. g5 Ba6 25. Ng3 Bxg3 26. fxg3
Ne8 27. Ra7 Rxa7 {Madaminov,M (2328)-Kozak,A (2458) chess.com INT 2022 0-1 (37)
}) 13... g6 14. Bh6 Re8 15. Qd2 a5 $146 ({RR} 15... Qb6 16. Be3 Qb5 17. f4 exf4
18. Rxf4 Bg5 19. Ne4 Bxf4 20. Nf6+ Kg7 21. Nxe8+ Qxe8 22. Bxf4 Qb5 23. Qd4+ Kg8
24. Bxd6 a5 25. Re1 Na6 26. Re7 Re8 27. Bf1 {1-0 (27) Havelka,J (2268)
-Znidaric,A (2001) Porec 2015}) 16. Ne4 Nd7 17. Be3 f5 18. gxf5 gxf5 19. Ng5 f4
20. Ne6 Qc8 21. Qe2 Nf6 22. Bb6 Ba6 23. Qf3 Bxf1 24. Bxf1 Kh8 25. Nc7 Rg8+ 26.
Kh1 Qb7 27. Nxa8 Rxa8 28. Bd4 exd4 29. Qxf4 Rc8 30. Bg2 Rxc2 31. Qxd4 Qc7 32.
Re1 Kg7 33. Re6 Kf7 34. Bf3 Qc5 35. Qxc5 Rxc5 36. Re2 Nxd5 37. Bh5+ Kf6 38. Bg4
Nc7 39. Re3 Rc2 40. Rf3+ Kg7 41. Bh5 Bf6 42. Rg3+ Kh6 43. Bd1 0-1

[Event "Floripa Chess Open 2024"]
[Site "Florianopolis"]
[Date "2024.01.23"]
[Round "5.82"]
[White "Da Silva, Eduardo Batista Q"]
[Black "Da Silva, Leticia Alice"]
[Result "1-0"]
[WhiteElo "1905"]
[BlackElo "1435"]
[PlyCount "69"]
[EventDate "2024.01.20"]
[EventRounds "10"]
[EventCountry "BRA"]

1. d4 {Ftacnik,L} d5 2. c4 e6 3. cxd5 exd5 4. Nc3 Nf6 5. Bg5 Nbd7 6. e3 c6 7.
Bd3 Be7 8. Nge2 O-O 9. O-O Re8 10. Qc2 g6 ({RR} 10... Nf8 11. f3 ({RR} 11. a3
g6 12. b4) 11... Nh5 12. Bxe7 Rxe7 ({RR} 12... Qxe7 13. e4 dxe4 14. fxe4) 13.
Qd2 Ne6 14. Rad1 g6) 11. f3 Nh5 12. Bxe7 Qxe7 13. e4 dxe4 ({RR} 13... Nb6 14.
e5 c5 15. g4 ({RR} 15. Bb5 cxd4 16. Bxe8 dxc3 17. Ba4 cxb2) 15... Ng7 16. Nf4
Be6 17. Qf2 Rec8 18. Nfe2 Bd7 19. Rae1 Ne6 20. f4 cxd4 21. Nxd4 Nxd4 22. Qxd4
Bxg4 23. e6 fxe6 24. f5 Qc5 ({RR} 24... gxf5 25. Bxf5 Bxf5 26. Rxf5) 25. Qxc5
Rxc5 26. fxg6 hxg6 27. Rf6 Rc7 28. Nb5 {Timman,J (2635)-Short,N (2655) El
Escorial 1993 Candidates [Ftacnik,L] 1/2-1/2 (39)}) 14. fxe4 Nf8 15. Rf2 Ne6
$146 ({RR} 15... Qd6 16. e5 Qd8 17. Ne4 Bg4 18. Nd6 Bxe2 19. Bxe2 Qh4 20. Bxh5
Qxh5 21. Nxe8 Rxe8 22. Raf1 Re7 23. Qc4 Ne6 24. Rxf7 {1-0 (24) Kirk,E (2315)
-Dias,M (1699) Khanty-Mansiysk 2015}) ({RR} 15... Ng7 16. Raf1 f5 17. Ng3 Nfe6
18. exf5 gxf5 19. Nxf5 Nxf5 20. Bxf5 Nxd4 21. Bxh7+ Qxh7 22. Rf8+ Rxf8 23.
Rxf8+ Kxf8 24. Qxh7 Ne6 25. Ne4 Ng7 26. Qh8+ {1-0 (26) Alibaev,A (2317)-Al
Khaja,A (2080) Dubai 2002}) 16. Raf1 Rf8 17. a3 a5 18. Qd2 Bd7 19. e5 Qg5 20.
Qd1 Qe3 21. Bb1 Ng5 22. Kh1 Bg4 23. Ba2 Kg7 24. Qb3 Be6 25. Qxb7 Bxa2 26. Nxa2
Rab8 27. Qxc6 Rxb2 28. Nac3 Kg8 29. Nd1 Qxa3 30. Nxb2 Qxb2 31. Qd5 Ne6 32. Qd7
Nhg7 33. Rxf7 Rxf7 34. Qxf7+ Kh8 35. Qf8+ 1-0

[Event "Floripa Chess Open 2024"]
[Site "Florianopolis"]
[Date "2024.01.23"]
[Round "5.83"]
[White "Dos Santos, Guilherme Fortes"]
[Black "Paz, Martin"]
[Result "0-1"]
[WhiteElo "1707"]
[BlackElo "1880"]
[PlyCount "82"]
[EventDate "2024.01.20"]
[EventRounds "10"]
[EventCountry "BRA"]

1. d4 Nf6 2. Nf3 d5 3. c4 dxc4 4. Nc3 c5 5. d5 e6 6. e4 exd5 7. exd5 Bd6 8.
Bxc4 O-O 9. O-O a6 10. a4 h6 ({RR} 10... Bg4 11. Bg5 Re8 12. Qd3 Nbd7 13. Nd2
h6 14. Bh4 Ne5 15. Qc2 g5 16. Bg3 Bh5 17. Rfe1 Bg6 18. Qb3 Qc7 19. a5 Re7 20.
Nde4 Nxe4 21. Nxe4 Bxe4 22. Rxe4 f5 23. Rxe5 f4 24. Re6 fxg3 25. hxg3 {Saucey,
M (2249)-Morkunas,G (2074) chess.com INT 2023 0-1 (47)}) 11. h3 Bf5 12. Nh4 Bh7
13. Qf3 $146 ({RR} 13. Bd3 Ne4 14. Bxe4 Qxh4 15. Bxh7+ Kxh7 16. Qd3+ f5 17. f4
Nd7 18. Bd2 Rae8 19. Kh2 Kh8 20. Rad1 Qh5 21. Rde1 Qf7 22. Kh1 Qf6 23. Ne2 Qf7
24. Ng3 Rd8 25. Re6 Nb6 26. Ba5 Nxd5 27. Qxd5 Bc7 {Vareille,F (2280)-Alet,J  
(2160) Val Thorens 1988 1-0 (45)}) ({RR} 13. Bd3 Bxd3 14. Qxd3 Nc6 15. Nf5 Ne7
16. Re1 Re8 17. Nxe7+ Rxe7 18. Bd2 Qd7 19. Rxe7 Bxe7 20. Bf4 Bd6 21. Bxd6 Qxd6
22. Ne4 Nxe4 23. Qxe4 Rd8 24. Rd1 b5 25. axb5 axb5 26. b3 Rc8 27. Rc1 g6 {
Barnaure,V-Janturin,A (2286) Oropesa del Mar 1999 1/2-1/2 (31)}) 13... Nbd7 14.
Bxh6 Ne5 15. Qg3 Ng6 16. Qg5 Bf4 17. Qxg6 Bxg6 18. Bxf4 Nxd5 19. Nxd5 Qxh4 20.
g3 Qxh3 21. Ne7+ Kh7 22. Rfe1 Rfe8 23. Re5 f6 24. Re3 Qd7 25. Rae1 b5 26. Kg2
Rxe7 27. Rh1+ Bh5 28. Rxh5+ Kg6 29. Rd5 bxc4 30. Rxd7 Rxd7 31. Rc3 Rb7 32. Rxc4
Rxb2 33. Rxc5 Rb4 34. a5 Rb5 35. Be3 Rxc5 36. Bxc5 Rc8 37. Bb6 Kf5 38. Kf3 Rc3+
39. Ke2 Ke4 40. Bd8 Rc2+ 41. Ke1 Kf3 0-1

[Event "Floripa Chess Open 2024"]
[Site "Florianopolis"]
[Date "2024.01.23"]
[Round "5.84"]
[White "Do Carmo, Gabriel Carckeno"]
[Black "Fernandes, Beatriz"]
[Result "1/2-1/2"]
[WhiteElo "1869"]
[BlackElo "1431"]
[PlyCount "89"]
[EventDate "2024.01.20"]
[EventRounds "10"]
[EventCountry "BRA"]

1. e4 {Mekhitarian,K} c5 2. Nf3 d6 3. d4 cxd4 4. Nxd4 Nf6 5. Nc3 a6 6. h3 e5 7.
Nde2 h5 ({RR} 7... b5 8. g4) 8. Bg5 ({RR} 8. g3 Nbd7 9. Bg2 b5 10. Nd5 Nxd5 11.
Qxd5 Qc7 12. Be3 Bb7 13. Qd2 Rc8 14. Nc3 Nb6 15. Bxb6 Qxb6 16. a4 Be7 17. axb5
axb5 18. h4 O-O 19. O-O Rc4) 8... Be6 9. Bxf6 Qxf6 10. Nd5 Qd8 11. Qd3 Nc6 ({RR
} 11... Nd7 12. O-O-O g6 13. Kb1 Nc5 ({RR} 13... Rc8 14. Nec3 Rc5 15. Be2 b5
16. a3 Nb6 17. g4 hxg4 18. Nxb6 Qxb6 19. hxg4 Rxh1 20. Rxh1 Bg7 21. Qe3 Qb7 22.
Rd1 Qc7 23. g5 Qc6 24. Rg1 Qd7 25. Qg3 Rc8 26. Bg4 Bxg4 27. Qxg4 Qxg4 28. Rxg4)
({RR} 13... Bh6 14. g3 Nc5 15. Qa3 b5 16. Nec3 O-O 17. Be2 Rb8 18. b4 a5 19.
Ka1 ({RR} 19. bxc5 b4) 19... axb4 20. Qxb4 Na6 21. Qb3 Qa5 22. g4 h4 23. g5
Bxg5 24. Rhg1 Nc5 25. Qb4 Bd8) 14. Qf3 ({RR} 14. Qa3 Bxd5 ({RR} 14... Bg7) ({RR
} 14... Bh6) 15. Rxd5 Bg7 16. Nc3 O-O 17. h4 b5 18. f3 Rb8 19. b4 Ne6 20. Qxa6
Nc7 21. Qc6 Nxd5 22. Nxd5 f5 23. Bxb5 fxe4 24. fxe4 Rf7 25. a4 Rc8 26. Qb6 Qf8
27. Qe3 Bh6 28. Qe2 Ra8) 14... Bg7 15. Nec3 b5 16. Ne3 O-O 17. Rg1 ({RR} 17. g4
h4 18. Rg1 Qg5 ({RR} 18... Bh6 19. g5 Bxg5 20. Nf5) 19. Rxd6 Rfd8 20. Rc6 Rac8
21. Rxc8 Bxc8 22. Bg2 Rd4 23. Rd1 Bb7 24. Ncd5 Rxe4 ({RR} 24... b4) 25. c3)
17... Bh6 18. Ncd5 Bxe3 ({RR} 18... Rc8) ({RR} 18... Kg7) 19. Qxe3 Rc8 20. Be2
Kg7 ({RR} 20... Bxd5 21. Rxd5 Qe7) 21. f4 Bxd5 22. Rxd5 exf4 23. Qxf4 Re8 24.
Rxd6 Qe7 25. e5 ({RR} 25. Bf3 Nxe4 26. Bxe4 Rc4) 25... Qxe5 26. Qxe5+ {Anand,V
(2783)-Nepomniachtchi,I (2742) Saint Louis 2017 CBM 180 [Mekhitarian,K] 1-0  
(40)}) 12. O-O-O Rc8 ({RR} 12... g6 13. Kb1 Bg7 14. h4 Qa5 15. f3 Rc8 16. a3 b5
17. c3 O-O 18. g4 hxg4 19. fxg4 Bxd5 20. exd5 Ne7 21. h5 Qa4 22. Ng3 Qb3 23.
Bg2 f5 24. gxf5 gxf5 25. Nxf5 Rxf5 26. h6 Rf2 27. Rd2 {Susilodinata,A (2386)
-Ng,S (2079) Singapore SIN 2023 1/2-1/2 (57)}) 13. a3 b5 $146 ({RR} 13... g6
14. Kb1 Bg7 15. h4 Na5 16. Ne3 Rc6 17. Nc3 b5 18. Ncd5 Nc4 19. Nb4 Rb6 20. Ned5
Bxd5 21. Qxd5 Qc8 22. Bxc4 bxc4 23. Qa5 Qb7 24. Qa4+ Qd7 25. Qxd7+ Kxd7 26. Rd5
Ra8 27. Ra5 f5 28. f3 {Sadhwani,R (2328)-Lingur,Z (2125) Voronezh 2017 1-0 (65)
}) 14. Nec3 Nd4 15. f4 g6 16. Qe3 Bh6 17. Rxd4 exd4 18. Qxd4 O-O 19. Nf6+ Kh8
20. Nxh5+ f6 21. g4 gxh5 22. g5 Bg7 23. f5 fxg5 24. Qd1 Bf7 25. Be2 Bxc3 26.
bxc3 Qf6 27. Bxh5 Qxc3 28. Kb1 Qf6 29. Qg4 Rc3 30. Bg6 Bxg6 31. fxg6 Qxg6 32.
h4 Kg8 33. hxg5 Rcf3 34. Kb2 R3f4 35. Qh3 Qg7+ 36. e5 Qxe5+ 37. Kb1 Qg7 38. g6
Re8 39. Qb3+ Kf8 40. Qd3 Rf6 41. Rh7 Qxg6 42. Rh8+ Kf7 43. Qd5+ Rfe6 44. Qb7+
R8e7 45. Qf3+ 1/2-1/2

[Event "Floripa Chess Open 2024"]
[Site "Florianopolis"]
[Date "2024.01.23"]
[Round "5.85"]
[White "Marques, Eudes Pinto"]
[Black "Montini, Thiago De Lima Mill"]
[Result "1-0"]
[WhiteElo "1863"]
[BlackElo "1800"]
[PlyCount "93"]
[EventDate "2024.01.20"]
[EventRounds "10"]
[EventCountry "BRA"]

1. c4 c6 2. Nf3 d5 3. e3 Nf6 4. Nc3 Bg4 5. d4 e6 6. a3 Bd6 7. Be2 Nbd7 8. c5
Bc7 9. b4 e5 10. h3 $146 ({RR} 10. b5 Ba5 11. Bd2 Ne4 12. Nxe4 dxe4 13. Bxa5
Qxa5+ 14. Nd2 Bxe2 15. Qxe2 O-O 16. O-O exd4 17. exd4 Nf6 18. Nxe4 Nxe4 19.
Qxe4 Qa4 20. Rad1 Rad8 21. g3 Rfe8 22. Qf3 Rd5 23. Rfe1 Rxe1+ 24. Rxe1 g6 {
Brunello,S (2533)-Alvarez Ramirez,M (2259) Puerto Madryn 2009 1-0}) 10... Bh5
11. Bb2 O-O 12. Nxe5 Nxe5 13. dxe5 Bxe2 14. Nxe2 Ne4 15. O-O Qg5 16. f4 Qh4 17.
Rf3 Rae8 18. Nd4 f5 19. Qe1 Qh6 20. Ne2 Re6 21. Ng3 Rg6 22. Nxe4 dxe4 23. Rg3
Rxg3 24. Qxg3 Rd8 25. Bd4 Qe6 26. Qf2 a5 27. Qa2 Rd5 28. Qb2 Qd7 29. Qf2 Bd8
30. Qg3 Qe6 31. Rb1 Rd7 32. Qf2 Kh8 33. b5 Qc4 34. bxc6 bxc6 35. Rb8 h6 36. Qh4
Qg8 37. Qh5 Qe6 38. Qe2 Kh7 39. Qa6 Qd5 40. Rb7 Qf7 41. Rxd7 Qxd7 42. Qc4 Be7
43. Qf7 Qd8 44. Qxf5+ Kh8 45. Qxe4 Qc7 46. Qg6 Qb7 47. e6 1-0

[Event "Floripa Chess Open 2024"]
[Site "Florianopolis"]
[Date "2024.01.23"]
[Round "5.86"]
[White "Bonilla Viamonte, Diego Armando"]
[Black "Felizes, Paulo"]
[Result "1/2-1/2"]
[WhiteElo "1620"]
[BlackElo "1855"]
[PlyCount "65"]
[EventDate "2024.01.20"]
[EventRounds "10"]
[EventCountry "BRA"]

1. c4 e5 2. g3 Nc6 3. Bg2 f5 4. d3 Nf6 5. Nc3 Bc5 6. Bg5 Bxf2+ 7. Kxf2 ({RR} 7.
Kf1 Bc5 8. Nd5 Nxd5 9. d4 {0-1 (9) Iglesias Santos,D (1948)-Guerra Aleman,M  
(1622) Vecindario ESP 2023}) 7... Ng4+ 8. Ke1 Qxg5 9. Qc1 $146 ({RR} 9. Nd5 Qd8
10. h3 Nf6 11. Nf3 d6 12. e3 O-O 13. Rc1 Ne7 14. Qb3 c5 15. Nxf6+ Rxf6 16. Nh4
Qc7 17. Rc2 Rb8 18. Rf2 Ng6 19. Bd5+ Kh8 20. Nf3 Bd7 21. Kf1 Bc6 22. Qd1 Rbf8
23. Ng5 h6 {Stolze,D (1291)-Kuchenbuch,T (1801) Leipzig 2005 0-1 (37)}) ({RR} 
9. Nh3 Qd8 10. Qd2 d6 11. Bd5 h6 12. e3 Ne7 13. Bf3 c6 14. Rf1 Be6 15. b3 Qa5
16. Bxg4 fxg4 17. Ng1 O-O-O 18. Ne4 Qb6 19. Rc1 Kb8 20. Ne2 Nf5 21. d4 Rhe8 22.
Kf2 exd4 23. exd4 Bxc4 {Garcia,F-Etchevest,M (1801) Buenos Aires 2013 0-1})
9... Qxc1+ 10. Rxc1 Nd4 11. Nd5 Ne6 12. Bh3 h5 13. Nf3 c6 14. Nc3 d6 15. Nh4
Ng5 16. Bxg4 fxg4 17. Rf1 Rh6 18. Nf5 Bxf5 19. Rxf5 Ne6 20. Ne4 Ke7 21. b4 Rf8
22. Rxf8 Nxf8 23. c5 d5 24. Nd6 Rf6 25. Nxb7 Kd7 26. Na5 a6 27. Nb3 Nh7 28. Nd2
Ng5 29. e4 Nf3+ 30. Nxf3 Rxf3 31. Ke2 dxe4 32. dxe4 Ra3 33. Rc2 1/2-1/2

[Event "Floripa Chess Open 2024"]
[Site "Florianopolis"]
[Date "2024.01.23"]
[Round "5.87"]
[White "Hataby, Raed"]
[Black "Zampronha, Wladimir Camilo"]
[Result "0-1"]
[WhiteElo "1888"]
[BlackElo "2121"]
[PlyCount "36"]
[EventDate "2024.01.20"]
[EventRounds "10"]
[EventCountry "BRA"]

1. e3 d5 2. c4 e6 3. Nf3 Nf6 4. g3 Be7 5. Bg2 O-O 6. b3 b6 7. O-O Bb7 8. d4
Nbd7 9. Bb2 c5 10. Nbd2 Rc8 11. Rc1 Bd6 ({RR} 11... Qc7 12. cxd5 exd5 13. dxc5
bxc5 14. Qc2 Qb6 15. Rfd1 Rfe8 16. Ne5 Nxe5 17. Bxe5 Qe6 18. Bb2 Red8 19. Re1
Ba6 20. e4 d4 21. Nc4 Bxc4 22. Qxc4 Qxc4 23. Rxc4 Nd7 24. Rd1 Nb6 25. Rcc1 Kf8
26. Bf1 {Ftacnik,L (2602)-Rozentalis,E (2564) Montreal 2002 1-0 (60)}) 12. Re1
$146 ({RR} 12. Qe2 Qe7 13. Ne5 Rc7 14. f4 Rfc8 15. dxc5 Bxc5 16. Kh1 Ba3 17.
Ndf3 Ba6 18. Ng5 dxc4 19. Bxa3 Qxa3 20. bxc4 Rf8 21. Nxd7 Nxd7 22. Ne4 Qe7 23.
Rfd1 Nc5 24. Nd6 Rd8 25. Nb5 Bxb5 26. cxb5 Rcd7 {Wagner,S (2159)-Rieger,R  
(2041) Oberwart 2010 0-1 (55)}) ({RR} 12. Ne5 Qe7 13. Ndf3 {1/2-1/2 (13)
Klasan,E (1949)-Gujic,V (2059) Zadar 2016}) ({RR} 12. Qe2 Qe7 13. Rfd1 Rfd8 14.
Ne5 Ne8 15. Nd3 Ndf6 16. Ne5 Bb8 17. f4 Nd6 18. cxd5 exd5 19. dxc5 bxc5 20. Ba3
Nde8 21. Bh3 Rc7 22. Rc2 Bc8 23. Bxc8 Rcxc8 24. Nd3 Bd6 25. Rdc1 c4 26. Bxd6
cxd3 {Kulakov,V-Benidze,D Chalkidiki 2001 1/2-1/2 (64)}) 12... Qc7 13. cxd5
exd5 14. Qc2 Qd8 15. Qf5 Re8 16. Red1 Qe7 17. Bf1 a6 18. Bh3 Rcd8 0-1

[Event "Floripa Chess Open 2024"]
[Site "Florianopolis"]
[Date "2024.01.23"]
[Round "5.88"]
[White "Milat, Marcel"]
[Black "De Menezes, Ricardo Fagner Dias"]
[Result "1-0"]
[WhiteElo "2213"]
[BlackElo "1675"]
[PlyCount "57"]
[EventDate "2024.01.20"]
[EventRounds "10"]
[EventCountry "BRA"]

1. c4 Nf6 2. g3 e6 3. Bg2 d5 4. Nf3 Be7 5. O-O O-O 6. d4 Nbd7 7. Qc2 c6 8. Nbd2
b6 9. e4 dxc4 10. Nxc4 Bb7 11. Rd1 Rc8 ({RR} 11... c5 12. Nfe5 cxd4 13. Rxd4
Qc8 14. Nxd7 Nxd7 15. Qd1 Nf6 16. Bg5 Bc5 17. Nd6 Bxd6 18. Bxf6 gxf6 19. Rxd6
Qc5 20. Rd7 Rab8 21. Rc1 Qe5 22. Qg4+ Qg5 23. Qxg5+ fxg5 24. Rcc7 Ba6 25. Rxa7
Bb5 26. Rdc7 {So,W (2770)-Firouzja,A (2726) chess.com INT 2020 1-0 (57)}) 12.
Ne3 Re8 13. b3 Qc7 $146 ({RR} 13... Bf8 14. Bb2 h6 15. h4 c5 16. d5 exd5 17.
exd5 b5 18. Bh3 Qb6 19. a4 a6 20. a5 Qc7 21. Bf5 Rcd8 22. Qd3 Bd6 23. Bh3 Ne5
24. Nxe5 Bxe5 25. Bxe5 Qxe5 26. Bg2 g6 27. Rac1 Rc8 28. Bh3 {Kaasen,T (2475)
-Krivonosov,O (2363) Riga LAT 2023 1/2-1/2 (41)}) 14. Bb2 Red8 15. Rac1 Qb8 16.
Nd2 e5 17. Nf5 Bf8 18. Nc4 exd4 19. Rxd4 Bc5 20. e5 Bxd4 21. Bxd4 Nd5 22. Ncd6
Re8 23. Nxb7 Qxb7 24. Bxd5 cxd5 25. Ne7+ Rxe7 26. Qxc8+ Qxc8 27. Rxc8+ Nf8 28.
f4 g6 29. Bb2 1-0

[Event "Floripa Chess Open 2024"]
[Site "Florianopolis"]
[Date "2024.01.23"]
[Round "5.89"]
[White "Casalaspro, Mathias Andre"]
[Black "Calcada, Henrique Galvan"]
[Result "1-0"]
[WhiteElo "2121"]
[BlackElo "1672"]
[PlyCount "109"]
[EventDate "2024.01.20"]
[EventRounds "10"]
[EventCountry "BRA"]

1. d4 d5 2. Nc3 Nf6 3. Bf4 a6 4. e3 Bf5 5. f3 e6 6. g4 Bg6 7. h4 h5 8. g5 Nfd7
9. Bd3 Bxd3 10. cxd3 Bd6 ({RR} 10... g6 11. Nge2 c5 12. dxc5 Bxc5 13. d4 Be7
14. Qb3 b5 15. Rc1 O-O 16. Kf2 Ra7 17. Kg2 Nb6 18. Qc2 N8d7 19. b3 Ba3 20. Rcd1
Qe7 21. Qd3 Rc8 22. Bg3 Bd6 23. Bf2 Rac7 24. Rc1 Ba3 25. Rcd1 {Jobava,B (2582)
-Ponkratov,P (2659) chess.com INT 2021 1-0 (69)}) 11. Nh3 $146 ({RR} 11. Nge2
Qe7 12. e4 Bxf4 13. Nxf4 Qb4 14. Nfe2 Nc6 15. Qa4 Qxa4 16. Nxa4 e5 17. exd5
Nxd4 18. Nxd4 exd4 19. Rc1 O-O-O 20. f4 Kb8 21. Kd2 Rhe8 22. b4 Nf8 23. Rhe1
Ng6 24. Re4 Nxh4 25. Rh1 Nf5 {Fiuza Lima Junior,F-Babak,Y (1925) Bangkok THA
2023 1/2-1/2 (50)}) ({RR} 11. Nge2 Qe7 12. Qd2 c6 13. Bxd6 Qxd6 14. f4 a5 15.
O-O-O Na6 16. Kb1 c5 17. e4 cxd4 18. Nxd4 O-O 19. e5 Qb6 20. Nce2 g6 21. Qe3
Rfc8 22. Rc1 a4 23. a3 Rc7 24. Rxc7 Nxc7 25. Qf3 Nb5 {Lopez Idarraga,D (2000)
-Hamley,R (2039) chess.com INT 2021 0-1 (37)}) 11... Nc6 12. Bxd6 cxd6 13. Nf4
g6 14. Rc1 O-O 15. Kf2 Qb6 16. Qd2 Rac8 17. Kg2 Qa5 18. a3 b5 19. b4 Qb6 20.
Rc2 Ne7 21. Rhc1 Rc6 22. Ncxd5 exd5 23. Rxc6 Nxc6 24. Nxd5 Qb7 25. Rxc6 Nb6 26.
Nf6+ Kg7 27. Qc3 Na4 28. Qc1 Qe7 29. Rc7 Qe6 30. d5 Qf5 31. Qa1 Qe5 32. Qxe5
dxe5 33. Kf2 Nb2 34. Ke2 Rd8 35. e4 Na4 36. Rc6 Kf8 37. Kd2 Nb2 38. Kc2 Na4 39.
d6 a5 40. Kb3 axb4 41. axb4 Kg7 42. Nd5 Rd7 43. Nc7 f5 44. exf5 gxf5 45. Nxb5
e4 46. dxe4 fxe4 47. fxe4 Kf7 48. Kxa4 Ke8 49. Rc8+ Kf7 50. Rc7 Ke8 51. e5 Kd8
52. e6 Ke8 53. Rc8+ Rd8 54. Nc7+ Kf8 55. e7+ 1-0

[Event "Floripa Chess Open 2024"]
[Site "Florianopolis"]
[Date "2024.01.23"]
[Round "5.90"]
[White "Lopes, Leonardo Borges"]
[Black "Fernandez, Maria Florencia"]
[Result "0-1"]
[WhiteElo "1694"]
[BlackElo "2074"]
[PlyCount "52"]
[EventDate "2024.01.20"]
[EventRounds "10"]
[EventCountry "BRA"]

1. e4 c5 2. Nf3 d6 3. d4 cxd4 4. Nxd4 Nf6 5. Nc3 g6 6. Be3 Bg7 7. f3 O-O 8. Qd2
Nc6 9. O-O-O d5 10. Nxc6 bxc6 11. exd5 cxd5 12. Bh6 Bxh6 13. Qxh6 Qa5 $146 ({RR
} 13... Rb8 14. Qe3 Be6 15. Bc4 Qa5 16. Bb3 Rfc8 17. Rd4 Rxb3 18. cxb3 Qxa2 19.
g4 Qa1+ 20. Kc2 Qxh1 21. Qe2 Qg1 22. Ra4 d4 {0-1 (22) Duda,R (1760)-Jedras,P  
(1919) Rewal 2011}) ({RR} 13... Rb8 14. Qe3 Rb7 15. h4 Qa5 16. h5 Qb4 17. b3
Bf5 18. Rd4 Qc5 19. hxg6 Bxg6 20. Kb2 Rc7 21. f4 Rfc8 22. Rh3 Qb6 23. Qe5 Ne4
24. Nxd5 Rxc2+ 25. Ka3 Qc5+ 26. b4 Rxa2+ 27. Kxa2 Qc2+ 28. Ka3 {Rakotomaharo,F
(2434)-Koepke,C (2305) Germany 2017 1-0 (36)}) ({RR} 13... e5 14. h4 Bb7 15. h5
Qe7 16. hxg6 fxg6 17. Bd3 Rac8 18. Rde1 a6 19. Qg5 Rfe8 20. Bxg6 hxg6 21. Rh6
Kf7 22. Qxg6+ Ke6 23. g4 Rc4 24. Qf5+ Kd6 25. Rxf6+ Kc5 26. Rf7 Qh4 27. Rxe5
Qh1+ 28. Nd1 {Ustiyanovich,N (2314)-Olsson,W (2400) Gothenburg SWE 2023 1-0  
(31)}) 14. a3 Rb8 15. h4 Be6 16. Rd4 Rfc8 17. Qd2 Rb7 18. Ra4 Qb6 19. Rb4 Qc7
20. Ba6 Rxb4 21. Bxc8 Rb6 22. Bxe6 Rxe6 23. g4 Qg3 24. Rf1 Qh3 25. Qf2 Nxg4 26.
Qg1 Ne3 0-1

[Event "Floripa Chess Open 2024"]
[Site "Florianopolis"]
[Date "2024.01.23"]
[Round "5.91"]
[White "Ramazzotte, Maicon Zilli"]
[Black "De Carli Filho, Carlos"]
[Result "1-0"]
[WhiteElo "1682"]
[BlackElo "2038"]
[PlyCount "75"]
[EventDate "2024.01.20"]
[EventRounds "10"]
[EventCountry "BRA"]

1. d4 Nf6 2. c4 g6 3. Nc3 Bg7 4. e4 d6 5. Nf3 O-O 6. Be2 e5 7. d5 a5 8. O-O Na6
9. h3 Nd7 ({RR} 9... Nh5 10. Re1 Nc5 11. Bf1 Qe8 12. Be3 Bd7 13. Bxc5 dxc5 14.
d6 Qd8 15. dxc7 Qxc7 16. Nd5 Qd6 17. Qb3 Nf4 18. Qxb7 Rab8 19. Qc7 Qxc7 20.
Nxc7 Rxb2 21. Reb1 Ne2+ 22. Bxe2 Rxe2 23. Na6 Rc8 24. Re1 {Ivan,Z (2240)-Peter,
A (2335) Budapest 1995 0-1 (45)}) ({RR} 9... Ne8 10. Bg5 f6 11. Bd2 f5 12. Bg5
Nf6 13. Ne1 h6 14. Bxf6 Bxf6 15. Nd3 Nb4 16. a3 Nxd3 17. Bxd3 f4 18. Be2 h5 19.
Nb5 Bh4 20. Kh2 Qd7 21. a4 b6 22. b3 Ba6 23. Rc1 Rae8 24. Rc3 {Shamim,H (1661)
-Bibilashvili,L (1880) Barcelona ESP 2023 0-1 (53)}) 10. a3 f5 11. b4 $146 ({RR
} 11. exf5 gxf5 12. Ng5 Nf6 13. Re1 Bd7 14. Qc2 Nc5 15. Be3 b6 16. b4 Nb7 17.
Rad1 axb4 18. axb4 h6 19. Ne6 Bxe6 20. dxe6 f4 21. Bc1 c6 22. Bf3 Qc7 23. Qg6
Rae8 24. b5 cxb5 25. Bd5 Nxd5 {Sargsjan,K (1877)-Lhotsky,Z (1704) Prague 2015
1-0}) ({RR} 11. exf5 gxf5 12. Rb1 Nf6 13. b4 axb4 14. axb4 Bd7 15. Nb5 Ne4 16.
Qb3 c5 17. bxc5 Naxc5 18. Qc2 f4 19. Bb2 Bf5 20. Qd1 Qd7 21. Kh2 Rf6 22. Nh4
Rh6 23. Nxf5 Qxf5 24. Bg4 Qg6 25. Nc7 Rc8 {Casarin,L (1896)-Tomiello,M (1812)
Florianopolis 2017 1-0 (36)}) 11... b6 12. Rb1 axb4 13. axb4 f4 14. Qb3 h5 15.
Nd2 Qh4 16. Ra1 Bh6 17. Ra3 Kh7 18. c5 bxc5 19. b5 Rb8 20. Qc4 Nb4 21. Qb3 Nb6
22. Nd1 Bd7 23. Nc3 Ra8 24. Rxa8 Rxa8 25. Ba3 Nc2 26. Bxc5 Nd4 27. Bxd4 exd4
28. Nf3 Qf6 29. e5 dxe5 30. Ne4 Qe7 31. Rc1 Bf5 32. Bd3 Ra3 33. d6 Rxb3 34.
dxe7 Bd7 35. Nf6+ Kg7 36. Nxd7 Kf7 37. Nfxe5+ Kxe7 38. Rxc7 1-0